000 00803nam a2200253Ia 4500
003 OSt
005 20220923223357.0
006 a|||||r|||| 00| 0
007 ta
008 220922b |||||||| |||| 00| 0 hin d
024 _a214,363
037 _cTextual
040 _aARTS
_cARTS
_bhin
041 _2hin
_ahin
082 _aO152,3N031,AD, M1
100 _aवर्मा, भगवती चरण
245 0 _aआखिरी दांव
246 _aĀkhirī dāanva
260 _aदिल्ली
_b राजपाल एण्ड सन्ज
_c1981
300 _a226 पृ.
_ccm.
650 _aहिन्दी साहित्य
_9156264
942 _hO152,3N031,AD, M1
_cTEXL
_2CC
999 _c364336
_d364336